000 01070cam a2200277 a 4500
001 000002820
005 20200929150250.0
008 871005s1986 nq 000 1 spa
040 _aDO-SdBNP
_bspa
_cBNPHU
082 _a972.85
_bI624s
100 1 _aInvernizzi, Gabriele,
_98914
245 1 0 _aSandinistas :
_bentrevistas a Humberto Ortega Saavedra, Jaime Wheelock Román y Bayardo Arce Castaño /
_cGabriele Invernizzi, Francis Pisani, Jesús Ceberio.
260 _aManagua, Nicaragua :
_bVanguardia,
_c1986.
300 _a258 p. ;
_c20 cm.
490 1 _aCoyuntura ;
_vno. 1
651 4 _aNicaragua
_xPolítica Y Gobierno
_y1979-1990.
_98915
600 1 4 _aORTEGA SAAVEDRA, HUMBERTO
_xENTREVISTA
_98916
600 1 4 _aWHEELOCK, JAIME
_xENTREVISTA
_98917
600 1 4 _aARCE, BAYARDO
_xENTREVISTA
_98918
650 4 _aRevolucionarios
_zNicaragua
_xEntrevista
_98919
650 4 _aEstadistas
_zNicaragua
_xEntrevista
_98920
700 1 _aInvernizzi, Gabriele.
_98914
700 1 _aPisani, Francis.
_98921
700 1 _aCeberio, Jesús.
_98922
830 0 _aCoyuntura ;
_vno. 1
_98923
999 _c2654
_d2654